000 00505nam a2200157 i 4500
001 90812
003 ES-MaACL
007 t|
008 050125s1944 sp ||||1| spa d
100 1 _aLe Comte, R. M.
_970858
245 1 0 _aManual de Urología /
_cpor R.M. Le Comte ; traducción española revidada por A. Puigvert Gorro.
260 _aBarcelona :
_bSalvat,
_c1944 (
_fImp. Hispano-Americana)
300 _aXIII, 319 p. ;
_c22 cm.
700 1 _aPuigvert, A.
_994308
852 _aES-MaACL
_jE-469
_bR.20414
999 _c90812
_d90812